[Event "9. Korbacher Open 2017"]
[Site "Korbach"]
[Date "2017.10.20"]
[Round "3"]
[White "Trienekens, Tjark"]
[Black "Alkayas, Shadi"]
[Result "1-0"]
[WhiteElo "1865"]
[BlackElo "1975"]
[Annotator "NA RC"]
[PlyCount "75"]
[EventDate "2017.??.??"]
[EventType "swiss"]
[EventCountry "GER"]
[SourceTitle "playchess.com"]
[Source "ChessBase"]
[SourceQuality "1"]
[TimeControl "40/5400+30:1800+30"]

{[%evp 9,63,33,151,76,68,78,85,88,108,101,105,104,108,72,32767,32767,32767,179,184,140,213,195,195,192,231,237,220,225,233,224,230,232,246,242,302,279,274,268,253,275,283,304,460,485,800,772,700,702,690,750,747,867,822,807,831,952]} 1. e4 {[%emt 0:00:00]} e5 {[%emt 0:00:30]} 2. Nf3 {[%emt 0:00:29]} Nc6 {[%emt 0:01:15]} 3. Bc4 {[%emt 0:00:18]} Nd4 {[%emt 0:01:46]} 4. Nxd4 {[%emt 0:02:13]} exd4 {[%emt 0:00:22]} 5. c3 {[%emt 0:03:11]} ({Better is} 5. O-O $16) 5... Qg5 {[%emt 0:08:52] [#] C50: Hungarian Defence and Giuoco Pianissimo} (5... Nf6 $14) (5... Bc5 6. Bxf7+ Ke7 7. O-O Nf6 8. Bb3 d5 9. d3 h6 10. cxd4 Bxd4 11. Nc3 Ng4 12. Nxd5+ Ke8 13. Bf4 Rf8 14. Nxc7+ Ke7 15. Qd2 Rxf4 16. Qxf4 Be5 17. Qf7+ Kd6 18. Ne8+ Kc6 {1-0 (18) Luciani,C (2225)-Petrovic,M (2210) Nova Gorica 2001}) 6. Qf3 {[%emt 0:05:38]} (6. O-O $142 $1) 6... d5 $146 {[%emt 0:03:34]} ({Predecessor:} 6... Nf6 7. O-O dxc3 8. Nxc3 Be7 9. d4 Qg4 10. Qxg4 Nxg4 11. h3 Nf6 12. f4 O-O 13. e5 {0-1 (54) Angiki,J-Abera,A Tromsoe 2014}) 7. exd5 {[%emt 0:07:16]} Nf6 {[%emt 0:05:43]} 8. O-O {[%emt 0:03:08]} Bd6 {[%emt 0:03:34]} 9. Re1+ {[%emt 0:05:48]} Kd8 {[%emt 0:00:22]} 10. d3 {[%emt 0:06:51]} Qh4 {[%emt 0:21:36]} 11. g3 {[%emt 0:10:57]} Qg4 {[%emt 0:04:17]} 12. Nd2 {[%emt 0:04:38]} h5 {[%emt 0:01:16]} 13. Qxg4 {[%emt 0:06:18]} Bxg4 {[%emt 0:02:17]} 14. f3 {[%emt 0:04:49]} Bf5 {[%emt 0:10:49]} (14... dxc3 $16 15. bxc3 (15. fxg4 cxd2 16. Bxd2 hxg4 $11) 15... Bd7) 15. Ne4 {[%emt 0:00:20]} Bxe4 {[%emt 0:04:15]} 16. dxe4 {[%emt 0:01:09]} Bc5 {[%emt 0:00:51]} 17. cxd4 {[%emt 0:10:57]} Bxd4+ {[%emt 0:00:19]} 18. Be3 {[%emt 0:00:08]} Bxe3+ {[%emt 0:03:59]} 19. Rxe3 {[%emt 0:02:06]} Nd7 {[%emt 0:00:02]} 20. e5 {[%emt 0:02:34]} Nb6 {[%emt 0:01:48]} 21. Bb3 {[%emt 0:00:58]} Ke7 {[%emt 0:03:59]} 22. Rc1 {[%emt 0:01:07]} Rac8 {[%emt 0:00:38] [#]} 23. Rxc7+ $1 {[%emt 0:03:12]} Rxc7 {[%emt 0:02:09]} 24. d6+ {[%emt 0:00:02]} Kd7 {[%emt 0:00:31]} 25. dxc7 {[%emt 0:00:09]} Rf8 $2 {[%emt 0:01:18] [#]} (25... Ke7 26. Rc3 Rc8) 26. Bxf7 $1 {[%emt 0:00:28]} Kxc7 {[%emt 0:00:09]} (26... Rc8 $142 27. Rc3 Na8 28. Bxh5 Rxc7 29. Rxc7+ Nxc7) 27. e6 {[%emt 0:01:20]} Nd5 {[%emt 0:04:51]} 28. e7 {[%emt 0:00:57]} Nxe7 {[%emt 0:00:57]} 29. Rxe7+ {[%emt 0:00:10]} Kc6 {[%emt 0:00:30]} 30. Bxh5 {[%emt 0:00:58]} g5 {[%emt 0:00:52]} 31. Kf2 {[%emt 0:04:06]} Rf5 $18 {[%emt 0:00:51]} 32. Bg6 {[%emt 0:00:54]} Ra5 {[%emt 0:01:08]} 33. Be4+ {[%emt 0:00:36]} Kd6 {[%emt 0:00:31]} 34. Rxb7 {[%emt 0:00:22]} Rxa2 {[%emt 0:00:39]} 35. h4 {[%emt 0:00:29]} gxh4 {[%emt 0:00:24]} 36. gxh4 {[%emt 0:00:09]} Ke5 {[%emt 0:00:29]} 37. h5 {[%emt 0:00:29]} Ra6 {[%emt 0:00:14]} 38. Rg7 {[%emt 0:01:22]} 1-0

[Event "9. Korbacher Open 2017"]
[Site "Korbach"]
[Date "2017.10.20"]
[Round "3"]
[White "Flach, Helene"]
[Black "Naujocks, Christian"]
[Result "1-0"]
[WhiteElo "1862"]
[BlackElo "1654"]
[Annotator "NA RC"]
[PlyCount "55"]
[EventDate "2017.??.??"]
[EventType "swiss"]
[EventCountry "GER"]
[SourceTitle "playchess.com"]
[Source "ChessBase"]
[SourceQuality "1"]
[TimeControl "40/5400+30:1800+30"]

{[%evp 8,54,3,20,33,17,32767,17,28,32767,32767,8,44,27,81,77,143,118,151,115,135,137,133,116,285,118,210,193,189,189,216,189,210,174,200,32767,32767,170,169,177,194,219,326,329,326,324,29998,29999,29999]} 1. e4 {[%emt 0:00:00]} e5 {[%emt 0:00:11]} 2. Nf3 {[%emt 0:00:00]} Nc6 {[%emt 0:00:08]} 3. Bc4 {[%emt 0:00:01]} Bc5 {[%emt 0:00:12]} 4. c3 {[%emt 0:00:08]} Nf6 {[%emt 0:01:32]} 5. d3 {[%emt 0:00:06]} O-O {[%emt 0:00:31]} 6. O-O {[%emt 0:00:52]} d6 {[%emt 0:00:37]} 7. Bb3 {[%emt 0:00:25]} Bg4 {[%emt 0:01:10] LiveBook: 12 Games} 8. Nbd2 {[%emt 0:00:29]} Qd7 {[%emt 0:03:50]} 9. Re1 {[%emt 0:00:43] C54: Giuoco Piano: 4 c3 Nf6, main lines with 5 d4 and 5 d3} Rfe8 {[%emt 0:01:58]} (9... Rad8 10. Qe2 Kh8 11. Nf1 Nh5 12. h3 f5 13. d4 fxe4 14. Nxe5 dxe5 15. Qxg4 exd4 16. Qxh5 Rf5 {1-0 (32) Asrian,K (2621)-Babujian,L (2439) Yerevan 2008}) 10. Nf1 {[%emt 0:00:41]} Rad8 {[%emt 0:02:56]} 11. h3 {[%emt 0:00:24]} Bxf3 {[%emt 0:05:13]} (11... Be6 $142) 12. Qxf3 {[%emt 0:00:57]} d5 $146 {[%emt 0:01:42]} ({Predecessor:} 12... h6 13. Bxh6 gxh6 14. Qxf6 Na5 15. Qg6+ Kf8 16. Qxh6+ Ke7 17. Qg5+ f6 18. Qg7# {1-0 (18) Liao,S (1682)-Mubarak,K Kemer 2009}) 13. Bg5 {[%emt 0:01:40]} dxe4 {[%emt 0:01:54]} 14. dxe4 {[%emt 0:00:23]} Be7 {[%emt 0:02:50]} 15. Ng3 {[%emt 0:02:17]} h6 $2 {[%emt 0:01:40] [#]} (15... Na5 $16) 16. Be3 {[%emt 0:01:22]} (16. Bxh6 $1 $18 {[%mdl 512] is more deadly.} gxh6 17. Nf5) 16... Rf8 {[%emt 0:12:05]} (16... Na5 $16) 17. Rad1 {[%emt 0:04:30]} Qe8 {[%emt 0:00:37]} 18. Nf5 {[%emt 0:00:29]} Kh7 {[%emt 0:02:15]} 19. Qg3 {[%emt 0:07:26]} Rg8 {[%emt 0:02:30]} 20. Qh4 {[%emt 0:01:41]} Qf8 {[%emt 0:07:51]} 21. Bg5 Kg6 {[%emt 0:07:44]} 22. Bc1 {[%emt 0:27:09]} Kh7 {[%emt 0:03:43]} 23. Rxd8 {[%emt 0:15:41]} Bxd8 {[%emt 0:01:46]} 24. Rd1 {[%emt 0:00:59]} Ne7 {[%emt 0:05:35]} (24... g5 {keeps fighting.} 25. Qg3 Nxe4) 25. Bxf7 {[%emt 0:07:44]} ({Schwächer ist} 25. Nxh6 Ng6 $16) 25... Qxf7 {[%emt 0:05:27] [#]} 26. Nxh6 $1 {[%emt 0:00:12]} Qf8 $2 {[%emt 0:04:24]} (26... Ng6 $18) 27. Nf7+ {[%emt 0:00:26]} Kg6 {[%emt 0:01:08]} 28. Nxe5# {[%emt 0:00:07]} 1-0

[Event "9. Korbacher Open 2017"]
[Site "Korbach"]
[Date "2017.10.20"]
[Round "3"]
[White "Timar-Geng, Zoltan"]
[Black "Rubina, Tatiana"]
[Result "1-0"]
[WhiteElo "1859"]
[BlackElo "2022"]
[Annotator "NA RC"]
[PlyCount "85"]
[EventDate "2017.??.??"]
[EventType "swiss"]
[EventCountry "GER"]
[SourceTitle "playchess.com"]
[Source "ChessBase"]
[SourceQuality "1"]
[TimeControl "40/5400+30:1800+30"]

{[%evp 8,84,9,0,2,7,32767,0,12,0,14,20,25,18,33,50,96,100,123,77,179,129,181,200,206,152,145,135,152,53,32767,32767,32767,96,123,150,164,133,200,133,191,163,381,149,158,167,191,222,272,184,530,539,553,563,466,595,615,540,935,880,1127,1198,2922,1475,1421,1054,1697,2443,3705,11129,29967,29987,29985,29972,29969,887,29996,29997,29999]} 1. d4 {[%emt 0:00:00]} d5 {[%emt 0:00:05]} 2. Bf4 {[%emt 0:00:00]} Nf6 {[%emt 0:00:06]} 3. e3 {[%emt 0:00:00]} e6 {[%emt 0:00:04]} 4. Bd3 {[%emt 0:00:14]} Be7 {[%emt 0:00:07]} 5. Nd2 {[%emt 0:00:27] LiveBook: 19 Partien} O-O {[%emt 0:00:18]} 6. Ngf3 {[%emt 0:03:29]} Nbd7 {[%emt 0:00:37]} 7. Ne5 {[%emt 0:03:29]} c5 {[%emt 0:01:17]} 8. c3 {[%emt 0:00:07]} Qb6 {[%emt 0:01:32] D02: Damenbauernspiele} (8... b6 9. Nc6 Qe8 10. Nf3 Bb7 11. Nxe7+ Qxe7 12. Ne5 Ne4 13. Nxd7 Qxd7 14. O-O Rfd8 15. Qe2 a5 16. Rad1 {1-0 (49) Kveinys,A (2530)-Nemcova,K (2267) Cappelle-la-Grande 2014}) 9. Rb1 {[%emt 0:05:53]} Qa5 {[%emt 0:02:16]} 10. a3 {[%emt 0:10:49]} c4 {[%emt 0:01:09]} 11. Bc2 {[%emt 0:00:14]} Rd8 {[%emt 0:05:12]} 12. h4 $146 {[%emt 0:07:09]} ({Vorgänger:} 12. O-O Nf8 13. Qe2 Re8 14. h3 Bd7 15. Ndf3 h6 16. Nh2 {0-1 (35) Meyer,M (1690)-Krausser,H (1855) Puschendorf 1999}) 12... Nf8 {[%emt 0:04:30]} 13. h5 {[%emt 0:02:07]} Ne8 {[%emt 0:05:54]} (13... N8d7 $16 {keeps fighting.}) 14. Qg4 {[%emt 0:13:39]} f5 {[%emt 0:10:58]} (14... Bd6 $16 {is a better defense.}) 15. Qg3 {[%emt 0:03:27]} Bf6 {[%emt 0:01:33]} 16. Ndf3 {[%emt 0:01:23]} Bd7 {[%emt 0:00:52]} 17. Nxd7 {[%emt 0:02:46]} Rxd7 {[%emt 0:00:46]} 18. Ne5 {[%emt 0:01:58]} (18. Rg1 $16) 18... Re7 {[%emt 0:00:30]} 19. f3 {[%emt 0:05:25]} Rc8 {[%emt 0:01:35]} 20. Qh3 {[%emt 0:03:56]} Qd8 {[%emt 0:03:31]} 21. g4 {[%emt 0:01:22]} fxg4 {[%emt 0:00:56]} 22. Qxg4 {[%emt 0:00:33]} b5 {[%emt 0:06:23]} (22... Bxe5 $16 23. Bxe5 (23. dxe5 Qb6 $16) 23... Rf7) 23. Ke2 {[%emt 0:03:00]} a5 {[%emt 0:01:31]} 24. Rbg1 {[%emt 0:01:46]} b4 {[%emt 0:00:35] [#]} (24... Bxe5 $142 25. Bxe5 (25. dxe5 Qb6 $14) 25... b4) 25. Qh3 $2 {[%emt 0:03:50]} (25. h6 $1 $18 Bxe5 26. dxe5 (26. Bxe5 g6 $18)) 25... bxc3 {[%emt 0:00:35]} 26. bxc3 {[%emt 0:00:23]} Qb6 {[%emt 0:00:59]} 27. Rb1 {[%emt 0:01:10]} Qa7 {[%emt 0:00:09]} 28. Rhg1 {[%emt 0:00:39]} Rd8 $2 {[%emt 0:04:35]} (28... Bxe5 29. Bxe5 Rf7) 29. Nc6 {[%emt 0:03:57]} Qd7 {[%emt 0:00:46]} 30. Nxd8 {[%emt 0:01:34]} Qxd8 {[%emt 0:00:08]} 31. Rb8 {[%emt 0:00:38]} Qd7 {[%emt 0:00:41]} 32. Rgb1 {[%emt 0:01:09]} Qa7 {[%emt 0:03:46]} 33. Qg3 {[%emt 0:03:51]} Nd7 {[%emt 0:01:45]} 34. R1b7 {[%emt 0:03:31]} Qa6 {[%emt 0:00:50] [#]} 35. Rxe8+ {[%emt 0:00:36]} (35. Rxd7 $142 $1 {[%mdl 512]} Qc6 (35... Rxd7 36. Rxe8+) 36. Rxe7 Bxe7 {[#]} 37. Bxh7+ $1 {[%mdl 512]} Kxh7 38. Qg6+ Kg8 39. Be5 Bf8 40. Bxg7) 35... Rxe8 {[%emt 0:00:03]} 36. Rxd7 {[%emt 0:00:11]} Qb5 {[%emt 0:00:52]} 37. Rc7 {[%emt 0:03:00]} Qb2 {[%emt 0:00:37]} 38. Kd2 {[%emt 0:00:21]} Qxa3 {[%emt 0:00:12]} 39. Be5 {[%emt 0:00:33]} Bxe5 {[%emt 0:01:05]} 40. Qxe5 {[%emt 0:01:01]} Qf8 {[%emt 0:30:12] [#]} 41. Qg5 {[%emt 0:32:33]} (41. h6 $142 $1 Re7 (41... gxh6 42. Bxh7#) 42. hxg7) 41... Kh8 {[%emt 0:01:16] [#]} 42. h6 $1 {[%emt 0:01:10]} gxh6 {[%emt 0:00:17]} 43. Rxh7# 1-0

[Event "9. Korbacher Open 2017"]
[Site "Korbach"]
[Date "2017.10.20"]
[Round "3"]
[White "Koerber, Thomas"]
[Black "Duzy, Stefan"]
[Result "1/2-1/2"]
[WhiteElo "1857"]
[BlackElo "1935"]
[Annotator "NA RC"]
[PlyCount "35"]
[EventDate "2017.??.??"]
[EventType "swiss"]
[EventCountry "GER"]
[SourceTitle "playchess.com"]
[Source "ChessBase"]
[SourceQuality "1"]
[TimeControl "40/5400+30:1800+30"]

{[%evp 10,35,25,15,26,2,0,0,8,-4,9,-15,-13,2,36,-21,-13,-29,-4,0,0,0,0,0,0,0,0,-22]} 1. Nf3 {[%emt 0:00:00]} d6 {[%emt 0:00:22]} 2. d4 {[%emt 0:00:20]} Nf6 {[%emt 0:00:44]} 3. h3 {[%emt 0:01:17]} g6 {[%emt 0:01:41]} 4. c3 {[%emt 0:00:26]} Bg7 {[%emt 0:00:10]} 5. Nbd2 {[%emt 0:01:16]} Nc6 {[%emt 0:04:07]} 6. e4 {[%emt 0:00:24]} O-O {[%emt 0:01:07]} 7. Be2 {[%emt 0:01:42]} e5 {[%emt 0:00:36]} 8. d5 {[%emt 0:00:32]} Ne7 {[%emt 0:00:35]} 9. O-O {[%emt 0:01:35]} Nh5 {[%emt 0:01:16]} 10. Nb3 {[%emt 0:03:13]} h6 {[%emt 0:03:14]} 11. Nh2 {[%emt 0:02:05]} Nf4 {[%emt 0:03:43]} 12. Bg4 {[%emt 0:01:53]} (12. Bxf4 $14 exf4 13. Nf3) 12... f5 {[%emt 0:00:56]} 13. Bf3 {[%emt 0:02:02]} g5 {[%emt 0:17:19]} 14. exf5 {[%emt 0:03:47]} Bxf5 {[%emt 0:01:33]} 15. Bxf4 $1 {[%emt 0:04:14]} gxf4 {[%emt 0:01:05]} 16. Re1 {[%emt 0:04:11]} Qe8 {[%emt 0:01:27]} 17. c4 {[%emt 0:02:05]} Qg6 {[%emt 0:16:02]} 18. Bg4 $11 {[%emt 0:02:55]} 1/2-1/2

[Event "9. Korbacher Open 2017"]
[Site "Korbach"]
[Date "2017.10.20"]
[Round "3"]
[White "Forgach, Andreas"]
[Black "Simukov, Erik"]
[Result "1/2-1/2"]
[WhiteElo "1851"]
[BlackElo "1621"]
[Annotator "NA RC"]
[PlyCount "200"]
[EventDate "2017.??.??"]
[EventType "swiss"]
[EventCountry "GER"]
[SourceTitle "playchess.com"]
[Source "ChessBase"]
[SourceQuality "1"]
[TimeControl "40/5400+30:1800+30"]

{[%evp 8,200,23,4,32767,0,9,-10,0,-10,11,11,0,10,32,32,46,36,82,42,155,119,114,127,155,170,237,215,244,242,241,135,154,36,32767,32767,32767,79,87,88,85,76,75,72,75,75,82,67,77,68,73,64,66,52,51,52,62,49,62,50,72,54,84,74,86,89,87,89,133,85,89,82,83,77,89,85,82,85,83,37,83,95,110,77,81,79,198,219,220,226,300,303,308,322,290,310,266,302,32767,344,32767,463,495,379,777,386,32767,32767,315,418,401,545,474,910,32767,32767,243,32767,293,32767,32767,177,158,227,156,154,164,1210,32767,1137,32767,366,971,32767,32767,281,32767,106,32767,32767,312,591,32767,243,32767,32767,32767,747,217,312,1294,1335,983,2664,1221,909,1633,5095,1393,209,205,283,7872,2057,375,8097,3046,29963,9853,4017,8763,718,5065,0,1097,0,12314,122,176,122,108,162,5065,72,73,61,73,0,72,32767,1750,61,72,64,61]} 1. e4 {[%emt 0:00:00]} e5 {[%emt 0:00:12]} 2. Nf3 {[%emt 0:00:10]} Nc6 {[%emt 0:00:37]} 3. Bb5 {[%emt 0:00:28]} a6 {[%emt 0:01:20]} 4. Ba4 {[%emt 0:00:42]} Nf6 {[%emt 0:00:28]} 5. d4 {[%emt 0:02:28]} exd4 {[%emt 0:01:10]} 6. O-O {[%emt 0:02:00]} Be7 {[%emt 0:02:00]} 7. e5 {[%emt 0:04:57]} Ne4 {[%emt 0:01:38]} 8. Nxd4 {[%emt 0:08:03]} Nxd4 {[%emt 0:00:22]} 9. Qxd4 {[%emt 0:00:30]} Nc5 {[%emt 0:00:07]} 10. Nc3 {[%emt 0:05:09]} Nxa4 {[%emt 0:00:10]} 11. Qxa4 {[%emt 0:00:13]} O-O {[%emt 0:00:30]} 12. Bf4 {[%emt 0:03:15]} Bg5 {[%emt 0:04:40]} 13. Bg3 {[%emt 0:01:02]} f6 {[%emt 0:07:46]} (13... d6 $14) 14. exf6 {[%emt 0:04:06]} Bxf6 {[%emt 0:03:21]} 15. Qc4+ {[%emt 0:02:05]} Kh8 {[%emt 0:00:07]} 16. Bxc7 {[%emt 0:03:07]} Qe8 {[%emt 0:00:10]} (16... Qe7 {might work better.}) 17. Bd6 {[%emt 0:02:27]} Rg8 {[%emt 0:02:12]} 18. Rae1 {[%emt 0:09:50]} Qg6 {[%emt 0:01:00]} 19. Nd5 {[%emt 0:04:22]} b5 {[%emt 0:03:15]} 20. Qd3 {[%emt 0:16:39]} (20. Qc7 $16) 20... Qxd3 {[%emt 0:01:56]} 21. cxd3 {[%emt 0:00:02]} Bb7 {[%emt 0:00:26]} 22. Nxf6 {[%emt 0:04:21]} gxf6 {[%emt 0:00:03]} 23. f3 {[%emt 0:01:20]} Rac8 {[%emt 0:01:27]} 24. Re2 {[%emt 0:12:04]} Rce8 {[%emt 0:02:14]} 25. Rxe8 {[%emt 0:02:52]} Rxe8 {[%emt 0:00:06]} 26. Kf2 {[%emt 0:01:03]} Re6 {[%emt 0:00:19]} 27. Bg3 {[%emt 0:00:36]} Kg8 {[%emt 0:00:48]} 28. Re1 {[%emt 0:00:47]} Kf7 {[%emt 0:01:24]} 29. Rxe6 {[%emt 0:01:39]} dxe6 {[%emt 0:01:34]} 30. d4 {[%emt 0:01:38]} Bd5 {[%emt 0:00:57]} 31. b3 {[%emt 0:00:47]} Ke7 {[%emt 0:04:02]} 32. Ke3 {[%emt 0:00:16]} Kd7 {[%emt 0:00:22]} 33. Kd3 {[%emt 0:00:19]} Kc6 {[%emt 0:00:23]} 34. Kc3 {[%emt 0:03:07]} Kb6 {[%emt 0:02:15]} 35. Bh4 {[%emt 0:01:33]} f5 {[%emt 0:00:10]} 36. Bd8+ {[%emt 0:00:31]} Kc6 {[%emt 0:00:05]} 37. Kb4 {[%emt 0:01:05]} Kd6 {[%emt 0:01:40]} 38. Bf6 {[%emt 0:00:30]} Kc6 {[%emt 0:01:23]} 39. Ka5 {[%emt 0:00:17]} Kb7 {[%emt 0:00:19]} 40. Be5 {[%emt 0:01:27]} Ka7 {[%emt 0:30:29]} 41. Bd6 {[%emt 0:30:35]} Kb7 {[%emt 0:00:24]} 42. Kb4 {[%emt 0:00:50]} Kc6 {[%emt 0:00:35]} 43. Bc5 {[%emt 0:00:42]} Kc7 {[%emt 0:00:15]} 44. Ka5 {[%emt 0:00:57]} Kb7 {[%emt 0:00:15]} 45. Bb6 {[%emt 0:00:00]} Bc6 {[%emt 0:00:00]} 46. Bd8 {[%emt 0:00:00]} Ka7 {[%emt 0:00:00]} (46... Bd7 $16) 47. Kb4 {[%emt 0:00:00]} Kb7 {[%emt 0:00:00]} 48. Kc5 {[%emt 0:00:00]} Bd5 {[%emt 0:00:00]} 49. Kd6 {[%emt 0:00:00]} Kc8 {[%emt 0:00:00]} 50. Ba5 {[%emt 0:00:00]} Kb7 {[%emt 0:00:00]} 51. Ke5 {[%emt 0:00:00]} Kc6 {[%emt 0:00:00]} 52. Kf6 {[%emt 0:00:00]} Kd7 {[%emt 0:00:00]} 53. Kg5 {[%emt 0:00:00]} Ke8 {[%emt 0:00:00]} 54. Kh6 {[%emt 0:00:00]} Kf7 {[%emt 0:00:00]} 55. Kxh7 {[%emt 0:00:00]} Bc6 {[%emt 0:00:00]} 56. Kh6 {[%emt 0:00:00]} (56. g4 $142) 56... Be8 {[%emt 0:00:00]} 57. Kg5 {[%emt 0:00:00]} Kg7 {[%emt 0:00:00]} 58. h4 {[%emt 0:00:00]} Bf7 {[%emt 0:00:00]} 59. h5 {[%emt 0:00:00]} Bg8 {[%emt 0:00:00]} 60. Bc3 {[%emt 0:00:00]} Kf7 {[%emt 0:02:30]} 61. h6 {[%emt 0:00:00]} Bh7 {[%emt 0:00:25]} 62. f4 {[%emt 0:00:00]} Bg6 {[%emt 0:01:36]} 63. Bb4 {[%emt 0:00:00]} Bh7 {[%emt 0:00:10]} 64. Bd6 {[%emt 0:00:00]} Bg6 {[%emt 0:00:07]} 65. a4 {[%emt 0:00:00]} (65. Bf8 $142 Bh7 66. Bb4) 65... bxa4 {[%emt 0:00:09] [#]} 66. bxa4 {[%emt 0:00:00]} (66. h7 $1 $18 {[%cal Rh7h8]} Bxh7 67. bxa4) 66... Bh7 {[%emt 0:00:06]} 67. a5 {[%emt 0:00:00]} Bg6 {[%emt 0:00:04]} 68. Be5 {[%emt 0:00:00]} Bh7 {[%emt 0:00:06]} 69. Bg7 {[%emt 0:00:09]} Bg6 {[%emt 0:00:04]} 70. Kh4 {[%emt 0:00:32]} Bh7 {[%emt 0:00:16]} 71. Kg3 {[%emt 0:00:13]} Bg6 {[%emt 0:00:21]} 72. Kf2 $2 {[%emt 0:00:04]} (72. Be5 $18 {is the precise move to win.} Bh7 73. Kh4) 72... Ke7 {[%emt 0:00:20]} 73. Ke3 {[%emt 0:00:42]} Kd6 {[%emt 0:00:32]} 74. Be5+ {[%emt 0:00:29]} Kc6 {[%emt 0:00:45]} 75. Bf6 {[%emt 0:00:29]} Bh7 {[%emt 0:00:59]} 76. Kf3 {[%emt 0:01:23]} Kd7 {[%emt 0:00:23]} 77. g3 {[%emt 0:02:52]} Bg6 {[%emt 0:00:26]} (77... Kc6 $142 78. Kg2 Kd5) 78. g4 $2 {[%emt 0:00:46]} (78. Be5 Ke7 79. g4) 78... fxg4+ $2 {[%emt 0:00:04]} (78... Ke8 79. g5 Kd7) 79. Kxg4 {[%emt 0:00:14]} Ke8 {[%emt 0:00:10]} 80. Kg5 {[%emt 0:00:25]} Kf7 {[%emt 0:00:11]} 81. Bg7 {[%emt 0:00:26]} Be4 {[%emt 0:01:20]} 82. Be5 {[%emt 0:00:29]} Bh7 {[%emt 0:00:23]} 83. d5 {[%emt 0:02:29]} exd5 {[%emt 0:00:04]} 84. f5 {[%emt 0:00:12]} Bg8 {[%emt 0:00:06]} 85. Bd4 {[%emt 0:00:43]} Bh7 {[%emt 0:00:52]} 86. Kf4 {[%emt 0:00:32]} Bg8 {[%emt 0:01:04]} 87. Ke5 {[%emt 0:00:20]} Bh7 {[%emt 0:00:47]} 88. Bc5 $2 {[%emt 0:00:32]} Bg8 {[%emt 0:00:39]} 89. Bb6 $2 {[%emt 0:01:59]} (89. Kxd5 Kf6+ 90. Ke4 Bh7 $16) 89... Bh7 {[%emt 0:00:15]} 90. Bc5 {[%emt 0:00:48]} (90. Bd4 {mates} Ke7 91. Be3 Kf7 92. Bb6 Ke7 93. Kxd5 Kf6 $14) 90... Bg8 {[%emt 0:00:06]} 91. Bb6 {[%emt 0:01:02]} Bh7 {[%emt 0:00:07]} 92. Bd8 {[%emt 0:00:32]} d4 {[%emt 0:01:02]} 93. Bg5 {[%emt 0:00:50]} d3 {[%emt 0:00:20]} 94. Bd2 {[%emt 0:00:37]} Bg8 {[%emt 0:00:10]} 95. Ke4 {[%emt 0:01:06]} ({White has to play} 95. Kd6 $18 Bh7 96. Kc7) 95... Bh7 {[%emt 0:00:31]} 96. Bg5 {[%emt 0:00:23]} Ke8 {[%emt 0:00:38]} 97. Ke5 {[%emt 0:00:36]} (97. Be3 $14) 97... Kf7 {[%emt 0:00:08]} 98. Bd2 {[%emt 0:00:45]} Bg8 {[%emt 0:00:07]} 99. Bc3 $2 {[%emt 0:01:02]} Bh7 {[%emt 0:00:15]} 100. Ke4 {[%emt 0:00:31]} Ke8 $14 {[%emt 0:00:17]} 1/2-1/2